000 00603nam a22002171 4500
001 bimo0001041956
003 OSt
005 20131113164511.0
008 900725s1971 sp spa
040 _aSpMaBN
_cBMC
082 _a920 Castelar, Emilio
082 _a946.06
100 _aJarnés, Benjamín
_d1888-1949
_9755
245 1 0 _aCastelar : hombre del Sinaí
_cBenjamín Jarnés
260 0 _aMadrid
_bEspasa-Calpe
_c1971
300 _a230 p.
_c18 cm
490 0 _aAustral
_v1431
600 1 4 _9756
_aCastelar, Emilio
_d1832-1899
651 4 _99272
_aEspaña
_xHistoria
_yS. XIX
942 _2ddc
_cBK
999 _c639
_d639